| 000 | 00757nam a2200241 a 4500 | ||
|---|---|---|---|
| 001 | BRCA_416 | ||
| 005 | 20190320203012.0 | ||
| 008 | 880914s1987 enka b 001 0 eng | ||
| 020 | _a1851490566 | ||
| 040 |
_aDLC _cDLC _dDLC |
||
| 050 | 4 |
_aNK4085 _b.L38 1987 |
|
| 100 | 1 |
_aLewis, Griselda _91417 |
|
| 245 | 1 | 0 |
_aA collector´s history of English pottery _cGriselda Lewis |
| 250 | _a4th rev. ed. | ||
| 260 |
_aSuffolk, Inglaterra _bAntique Collectors´ Club _c1987 |
||
| 300 |
_a360 p. _bil. (algunas a color) _c28 cm. |
||
| 500 | _aDonación Consejo Británico | ||
| 504 | _aBibliografía: p. 351-355 | ||
| 650 | 1 | 4 |
_aCerámica inglesa _vHistoria _xNeolítico _ySiglo XX _91418 |
| 710 | 2 |
_aAntique Collectors´ Club _91419 |
|
| 902 | _aDCB | ||
| 942 |
_2lcc _cB |
||
| 999 |
_c351 _d351 |
||